书目信息 |
| 题名: |
近代西方识华生物史
|
|
| 作者: | 罗桂环 著 | |
| 分册: | ||
| 出版信息: | 济南 山东教育出版社 2005.10 |
|
| 页数: | 434页 | |
| 开本: | 23cm | |
| 丛书名: | 中国近现代科学技术史研究丛书 | |
| 单 册: | ||
| 中图分类: | Q-092 | |
| 科图分类: | ||
| 主题词: | 生物学史--sheng wu xue shi--研究--中国 , 生物学史--sheng wu xue shi--生平事迹--西方国家 | |
| 电子资源: | ||
| ISBN: | 7-5328-5147-8 | |
| 000 | 01134nam 2200265 450 | |
| 001 | 012006416577 | |
| 005 | 20061220102603.59 | |
| 010 | @a7-5328-5147-8@dCNY46.00 | |
| 100 | @a20061121d2005 km y0chiy0120 ea | |
| 101 | 0 | @achi |
| 102 | @aCN@b370000 | |
| 105 | @aabc z 000yy | |
| 200 | 1 | @a近代西方识华生物史@Ajin dai xi fang shi hua sheng wu shi@d= History of western botanical and zoological studies in China@f罗桂环著@Fluo gui huan zhu@zeng |
| 210 | @a济南@c山东教育出版社@d2005.10 | |
| 215 | @a434页@c图, 肖像, 地图@d23cm | |
| 225 | 2 | @a中国近现代科学技术史研究丛书@Azhong guo jin xian dai ke xue ji shu shi yan jiu cong shu |
| 330 | @a本书介绍了从明晚期葡萄牙人由海上来到我国,至中华人民共和国成立以前这段时期,西方各国对我国生物的考察、收集和研究的情况。 | |
| 410 | 0 | @12001 @a中国近现代科学技术史研究丛书 |
| 510 | 1 | @aHistory of western botanical and zoological studies in China@zeng |
| 606 | 0 | @a生物学史@Asheng wu xue shi@x研究@y中国 |
| 606 | 0 | @a生物学史@Asheng wu xue shi@x生平事迹@y西方国家 |
| 690 | @aQ-092@v4 | |
| 701 | 0 | @a罗桂环@Aluo gui huan@4著 |
| 801 | 0 | @aCN@c20061220 |
| 905 | @a10447@dQ-092@eL932 | |
| 近代西方识华生物史= History of western botanical and zoological studies in China/罗桂环著.-济南:山东教育出版社,2005.10 |
| 434页:图, 肖像, 地图;23cm.-(中国近现代科学技术史研究丛书) |
| ISBN 7-5328-5147-8:CNY46.00 |
| 本书介绍了从明晚期葡萄牙人由海上来到我国,至中华人民共和国成立以前这段时期,西方各国对我国生物的考察、收集和研究的情况。 |
| ● |
| 相关链接 |
|
|
|
正题名:近代西方识华生物史
索取号:Q-092/L932
 
预约/预借
| 序号 | 登录号 | 条形码 | 馆藏地/架位号 | 状态 | 备注 |
| 1 | 228734 | 202287346 | 自科库401/401自科库 23排4列4层/ [索取号:Q-092/L932] | 在馆 | |
| 2 | 228735 | 202287355 | 自科库401/401自科库 23排4列4层/ [索取号:Q-092/L932] | 在馆 |